Propuesta de conservación de iglesia Zaragoza, ciudad de León, Nicaragua

Presenta el desarrollo de un estudio enfocado a la conservación de la iglesia Zaragoza, ciudad de León, Nicaragua que forma parte del patrimonio nacional, incluye valoración del inmueble en los aspectos históricos, cultural, arquitectónico, estético entre otros.

Bibliographic Details
Main Authors: Gonzalez Delgado, Mirna Vanessa, Rodríguez Barrasa, Alejandro Cesar
Other Authors: Tutor: Ortiz Oviedo, Ana Francis
Format: Tesis Section = Libro
Language:Undetermined
Spanish
Published: Managua UNI 2012
Subjects:
LEADER 01134nam a2200253Ia 4500
008 240830s9999 xx 000 0 und d
040 |a BIBLIOTECA-RUSB/ T.Mon 720.288 G643 
041 |a spa 
082 |a T.Mon 720.288 G643 
100 1 |a Gonzalez Delgado, Mirna Vanessa 
100 1 |b  Rodríguez Barrasa, Alejandro Cesar 
245 1 0 |a Propuesta de conservación de iglesia Zaragoza, ciudad de León, Nicaragua 
260 |a Managua  |b UNI  |c 2012 
300 |a 87 p. :il. 
500 |a Contiene: anexos. 
502 |a Tesis (Arquitecto) - UNI, 2012. 
520 3 |a Presenta el desarrollo de un estudio enfocado a la conservación de la iglesia Zaragoza, ciudad de León, Nicaragua que forma parte del patrimonio nacional, incluye valoración del inmueble en los aspectos históricos, cultural, arquitectónico, estético entre otros. 
650 7 |a CONSERVACIO - PRESERVACION - PATRIMONIO HISTORICO ARQUITECTURA RELIGIOSA - LEON 
650 7 |b  IGLESIAS - CONSERVACION 
650 7 |c  ARQUITECTURA - RELIGIOSA - DISEÑOS Y PLANOS 
700 1 |a Tutor:  |b Ortiz Oviedo, Ana Francis 
942 |c BK  |2 ddc 
991 |a TESIS 
999 |c 22034